Sérotonínový syndróm v priebehu kombinovanej liečby depresie Kazuistika

Bibliographic Details
Main Author: Gemza, Eduard (Author)
Format: Article
Language:Slovak

MARC

LEADER 00000nab a2200000 a 4500
001 vtls010738595
003 SK-MaSNL
005 20260304192701.0
008 250709s1998 xo |||||||||||||||||slo|
035 |a (urnnbn)urn:nbn:sk:snk:ar-a05mvd 
035 |a (uuid)dd4cdd9f-5a5f-4aae-a0a3-432e46cc9bb0 
035 |a urn:nbn:sk:snk-ab3zi4 
040 |a SNKBUCL  |b slo  |c SNKBUCL  |e AACR2 
041 0 |a slo 
044 |a xo  |c SK 
100 1 |a Gemza, Eduard  |4 aut  |9 1520977 
245 1 0 |a Sérotonínový syndróm v priebehu kombinovanej liečby depresie Kazuistika  |c E. Gemza 
773 0 |t Psychiatria : časopis psychiatrov na Slovensku  |g Roč. 5, č. 4 (1998), s. 195-196 
850 |a Slovenská národná knižnica 
852 |a Slovenská národná knižnica 
954 |a odborná, vedecká literatúra pôvodná (slovenská)  |2 lita 
958 |a article1 
958 |a OND 
958 |a EUIPO 
999 |c 3063821  |d 3065751